Modelovanie efektívnosti zdieľanej ekonomiky v cestovnom ruchu krajín V4

Cieľom príspevku je zhodnotiť efektívnosť využívania vybraných zdrojov cestovného ruchu - výrobných faktorov pri premene na výkonový ukazovateľ cestovného ruchu vo vybranom období. Autori sa zamerali na pomerne aktuálnu oblasť služieb poskytovaných prostredníctvom prostriedkov zdieľanej ekonomiky. S...

Descripción completa

Guardado en:
Detalles Bibliográficos
Autor principal: Lacko, Roman, 1988-
Otros Autores: Mura, Ladislav, 1979-
Formato: Capítulo de libro
Lenguaje:eslovaco
Materias:
Etiquetas: Agregar Etiqueta
Sin Etiquetas, Sea el primero en etiquetar este registro!

MARC

LEADER 00000naa$a2200000$$$4500
001 0300036
005 20251028120023.8
041 0 |a slo 
044 |a SK 
245 1 0 |a Modelovanie efektívnosti zdieľanej ekonomiky v cestovnom ruchu krajín V4  |c Roman Lacko, Ladislav Mura 
520 |a Cieľom príspevku je zhodnotiť efektívnosť využívania vybraných zdrojov cestovného ruchu - výrobných faktorov pri premene na výkonový ukazovateľ cestovného ruchu vo vybranom období. Autori sa zamerali na pomerne aktuálnu oblasť služieb poskytovaných prostredníctvom prostriedkov zdieľanej ekonomiky. Skúmali krajiny V4 za roky 2018-2022. Na meranie efektívnosti využili metódu Data Envelopment Analysis – CCR a BCC modely. Vstupné premenné sa týkali počtu zamestnancov, počtu postelí a počtu zariadení. Jediná výstupná premenná bola počet prenocovaní využitím prostriedkov zdieľanej ekonomiky. Toto porovnanie poskytlo prehľad o postoji krajín k negatívnym dopadom pandémie a využívaniu aktuálnych trendov v krátkodobom ubytovávaní. Slovensko a Poľsko dosiahli výrazné zlepšenie v tomto type ubytovania. Avšak, pandémia zasiahla najmä krajiny ako Poľsko a Maďarsko. Najväčší úbytok zdrojov bol zaznamenaný v Poľsku, avšak jeho výkony nepoklesli tak významne ako v iných krajinách. Ukazuje sa, že krajiny s väčším dôrazom na cestovný ruch boli schopné lepšie zvládnuť túto situáciu. 
610 2 0 |a modelovanie 
610 2 0 |a analýza obaľovania dát 
610 2 0 |a efektívnosť 
610 2 0 |a ekonomika zdieľaná 
610 2 0 |a ruch cestovný 
610 2 0 |a pandémia 
610 2 0 |a Vyšehradská štvorka 
610 2 0 |a porovnanie štatistické medzinárodné 
100 1 |a Lacko, Roman, 1988- 
700 1 |a Mura, Ladislav, 1979-